| 000 | 00659cam a2200193 a 4500 | ||
|---|---|---|---|
| 999 |
_c3741 _d3741 |
||
| 020 | _a0155018620 | ||
| 050 | 0 | 0 |
_aB21 _b.P67 1995 |
| 100 | 1 | _aPorter, Burton F. | |
| 245 | 1 | 0 |
_aPhilosophy : _ba literary and conceptual approach / _cBurton F. Porter. |
| 250 | _a3rd ed. | ||
| 260 |
_aFort Worth : _bHarcourt Brace College Publishers, _cc1995. |
||
| 300 |
_axi, 448 p. ; _c24 cm. |
||
| 505 | _aPersonal identity as essentially internal The duality of mind and body Identity as socially defined Defining oneself through committment | ||
| 650 | 0 | _aPhilosophy. | |
| 650 | 0 | _aSelf (Philosophy) | |
| 650 | 0 | _aGood and evil. | |
| 650 | 0 | _aReality. | |
| 942 | _cBK | ||